000 00797nam 22001933 4500
001 200686
090 _a200686
100 _a20260223d u||y0pory50 ba
200 _aO auto das padeiras chamado da fome ou do centeo e milho
_ftexto anónimo do século XVI
_gintrodução, texto critico e notas por Maria Jose Lancastre
210 _aBraga
_cFundação Calouste Gulbenkian - Centro Cultural Português
_d1982
215 _a827, [4] p.
_cbrochado
_d26 cm
300 _a. - Separata Arquivo Centro Cultural Português de Paris, volume XVII
317 _a. - oferta da escritora ao Prof. Dr. Almeida Faria
606 _924
_aLiteratura Portuguesa
_xTeatro
675 _a821.134.3-2
_vPT
_zpor
700 _98632
_aLancastre
_bMaria José de
_f1946-
801 _aPT
_bBMMN
_gRPC
830 _cAna
_fAna
990 _cLIVROS